เปลี่ยนเป็นภาษาไทย

Change to English
 แสดงรายละเอียดบรรณานุกรม
  กลับหน้าหลัก

Brief Record : Get Marc (ISO 2709) : E-mail record : QR code < ปิดหน้าต่าง
mysqli: Table './ulib62015/stat_globaluid' is marked as crashed and should be repaired
select id from stat_globaluid where statuid='20260517111933_1919' 
mysqli: Table './ulib62015/stat_globaluid' is marked as crashed and should be repaired
DELETE FROM stat_globaluid
			WHERE id NOT IN (
			  SELECT id
			  FROM (
				SELECT id
				FROM stat_globaluid
				ORDER BY id DESC
				LIMIT 100
			  ) foo
			); 
mysqli: Table './ulib62015/stat_globaluid' is marked as crashed and should be repaired
insert into stat_globaluid set
		statuid='20260517111933_1919',
		dt='1778991573',
		phpself='/ULIB62015/dublinfull.php',
		agent='Mozilla/5.0 AppleWebKit/537.36 (KHTML, like Gecko; compatible; ClaudeBot/1.0; +claudebot@anthropic.com)',
		yea='2026',
		mon='5',
		dat='17',
		ip='216.73.216.45'
		
		
mysqli: Table './ulib62015/stathist_viewbib_bib_type' is marked as crashed and should be repaired
insert into stathist_viewbib_bib_type set 
		dat='17' ,
		 mon='05' ,
		  yea='2026' ,
			 statuid='20260517111933_1919' ,
			 head='13399123253' ,
			 foot='marc' ,
			 dt='1778991573' 
		
LEADER : 00000nam 2200000uu 4500
001    13399123253
003     ULIB
008    230223s2564||||th 000 0 tha d
020    ^a9786161147556
060  4 ^aQV766^bช613 2564
245 01 ^aชุดตำราภูมิปัญญาการแพทย์แผนไทย ฉบับอนุรักษ์ :^bตำรับยาแผนไทยของชาติที่เข้าตัวยากัญชา /^cนันทศักดิ์ โชติชนะเดชาวงศ์, สุวิมล สุมลตรี, ผู้รวบรวมและเรียบเรียง
246 30 ^aตำรับยาแผนไทยของชาติที่เข้าตัวยากัญชา
250    ^aพิมพ์ครั้งที่ 1
260    ^aนนทบุรี :^bกองคุ้มครองและส่งเสริมภูมิปัญญาการแพทย์แผนไทยและแพทย์พื้นบ้านไทย กรมการแพทย์แผนไทยและการแพทย์ทางเลือก,^c2562
300    ^a454 หน้า :^bภาพประกอบ;^c30 ซม.
650  4 ^aการแพทย์แผนไทย
650  4 ^aแพทย์โบราณ
650  4 ^aการแพทย์ทางเลือก
650  4 ^aกัญชา^xการใช้รักษา
700 0  ^aนันทศักดิ์ โชติชนะเดชาวงศ์, ^eผู้รวบรวมและเรียบเรียง
700 0  ^aสุวิมล สุมลตรี,^eผู้รวบรวมและเรียบเรียง
710 1  ^aกรมการแพทย์แผนไทยและการแพทย์ทางเลือก.^bกองคุ้มครองและส่งเสริมภูมิปัญญาการแพทย์แผนไทยและแพทย์พื้นบ้านไทย
945    ^p0^l0^i030121
999    ^a57066
รายการนี้ยังไม่มีแท็ก
คุณยังไม่ได้ล็อกอิน คุณสามารถมีกิจกรรมร่วมกับเว็บไซต์ได้ แต่ต้องล็อกอินก่อน ::
  ล็อกอิน
  One Stop Service : ศูนย์ให้บริการแบบเบ็ดเสร็จ   จัดการหนังสือโปรด   แจ้งรายการบรรณานุกรมผิดพลาด
ลำดับที่ ประเภท เลขเรียก/บาร์โค้ด สถานที่ สถานะ
1. หนังสืออ้างอิง
หนังสืออ้างอิง
สถานะ=ใช้ในห้องสมุดเท่านั้น
QV766 ช613 2564  
  Barcode: 030121
หนังสือทั่วไป บนชั้น
  ขอยืม
Note:อภินันทนาการโดย อาจารย์ธวัชชัย เหล็กดี

รายการใกล้เคียง
    หัวเรื่อง [การแพทย์แผนไทย]
    หัวเรื่อง [แพทย์โบราณ]
    หัวเรื่อง [การแพทย์ทางเลือก]

BibComment


ยังไม่เคยถูกคอมเมนท์

คอมเมนท์ทรัพยากรรายการนี้
  คอมเมนท์: ชุดตำราภูมิปัญญา..
Bib 13399123253

 
 
 

 Union Library Management : ULibM
Copyright 2026. All Rights Reserved.